| 000 | 00444 a2200157 4500 | ||
|---|---|---|---|
| 020 | _a9780131467453 | ||
| 024 | _a013146745X | ||
| 082 | _a658.40'12 | ||
| 090 |
_c6913 _d6913 |
||
| 100 | _aHrebiniak,Lawrence G. | ||
| 245 |
_aMaking Strategy Work. _bLeading Effective and Change. _cLawrence G.Hrebiniak |
||
| 260 |
_aNew Jersey _bWharton School Publishing _c2005 |
||
| 300 | _a382p. | ||
| 500 | _aHard Cover | ||
| 942 |
_aNBS _cBK _k658.40'12 HRE |
||
| 999 |
_c349251 _d349251 |
||